[Event "Gold Coast op"]
[Site "Gold Coast"]
[Date "2022.06.24"]
[Round "2"]
[White "Lu, Lillian"]
[Black "Bukreyev, Andriy"]
[Result "0-1"]
[WhiteElo "1795"]
[BlackElo "1989"]
[PlyCount "72"]
[EventDate "2022.06.23"]
[EventType "swiss"]
[EventRounds "9"]
[EventCountry "AUS"]
[SourceTitle "CBM 209 Extra"]
[Source "ChessBase"]
[SourceDate "2022.09.30"]
[SourceVersion "1"]
[SourceVersionDate "2022.09.30"]
[SourceQuality "1"]

1. e4 e5 2. Nf3 Nf6 3. Nxe5 Nxe4 4. Qe2 Qe7 5. Qxe4 d6 6. d4 dxe5 7. dxe5 Nc6 8. Bb5 Bd7 9. Nc3 0-0-0 10. Be3 a6 11. a4 f5 12. exf6 Qxe4 13. Nxe4 axb5 14. axb5 Nb8 15. b6 Re8 16. bxc7 Rxe4 17. cxb8Q+ Kxb8 18. 0-0 gxf6 19. Rfd1 Kc7 20. g3 Bd6 21. Bb6+ Kc6 22. Rd3 Rhe8 23. Be3 Kc7 24. Rad1 R8e6 25. Bb6+ Kxb6 26. Rxd6+ Bc6 27. Rxe6 Rxe6 28. Kf1 Bb5+ 29. Kg2 Re2 30. Rd6+ Bc6+ 31. Kf1 Rxc2 32. Rxf6 Ka5 33. Rf4 Rxb2 34. Rh4 Bf3 35. Ke1 Re2+ 36. Kf1 Rd2 0-1

[Event "Doeberl Cup 59th"]
[Site "Canberra"]
[Date "2022.04.14"]
[Round "1"]
[White "Bukreyev, Andriy"]
[Black "Cheng, Bobby Sky"]
[Result "0-1"]
[WhiteElo "2015"]
[BlackElo "2547"]
[PlyCount "76"]
[EventDate "2022.04.14"]
[EventType "swiss"]
[EventRounds "9"]
[EventCountry "AUS"]
[SourceTitle "CBM 207 Extra"]
[Source "ChessBase"]
[SourceDate "2022.05.31"]
[SourceVersion "1"]
[SourceVersionDate "2022.05.31"]
[SourceQuality "1"]

1. e4 g6 2. d4 Bg7 3. Nc3 d6 4. f4 a6 5. Nf3 b5 6. Bd3 Bb7 7. 0-0 Nd7 8. e5 c5 9. Be4 Bxe4 10. Nxe4 cxd4 11. exd6 Qb6 12. Qd3 f5 13. Neg5 Qxd6 14. Qb3 Nh6 15. Ne6 Bf6 16. Bd2 Nc5 17. Nxc5 Qxc5 18. Bb4 Qc4 19. Rad1 Ng4 20. Rfe1 Ne3 21. Rd2 Rc8 22. Qxc4 Rxc4 23. c3 Nd5 24. b3 Rc8 25. Nxd4 Nxf4 26. g3 Nh3+ 27. Kg2 Ng5 28. Ne6 Ne4 29. Rd3 Kf7 30. Nd4 Rhd8 31. Red1 Nc5 32. Bxc5 Rxc5 33. R1d2 Rdc8 34. Ne2 Bxc3 35. Rd1 Bf6 36. Nf4 Rc2+ 37. R1d2 R8c3 38. Nd5 Rxd3 0-1

[Event "Doeberl Cup 58th"]
[Site "Canberra"]
[Date "2021.04.03"]
[Round "6"]
[White "Winkelman, Albert"]
[Black "Bukreyev, Andriy"]
[Result "0-1"]
[WhiteElo "2266"]
[BlackElo "2010"]
[PlyCount "71"]
[EventDate "2021.04.01"]
[EventType "swiss"]
[EventRounds "9"]
[EventCountry "AUS"]
[SourceTitle "EXT 2023"]
[Source "ChessBase"]
[SourceDate "2022.10.05"]
[SourceVersion "1"]
[SourceVersionDate "2022.10.05"]
[SourceQuality "1"]

1. e4 c6 2. d4 d5 3. Nc3 dxe4 4. Nxe4 Nf6 5. Nxf6+ gxf6 6. Be3 Qa5+ 7. Qd2 Qxd2+ 8. Kxd2 Bf5 9. Ne2 e5 10. Ng3 Be6 11. f4 exf4 12. Bxf4 Nd7 13. c4 0-0-0 14. Kc3 Nb6 15. b3 c5 16. Rd1 cxd4+ 17. Kc2 h5 18. Bd3 Nd7 19. h4 Ne5 20. Be4 Bh6 21. Rhf1 Ng4 22. Nf5 Bxf4 23. Rxf4 Kc7 24. Rxd4 Bxf5 25. Bxf5 Rxd4 26. Rxd4 Ne3+ 27. Kd3 Nxf5 28. Rf4 Rd8+ 29. Kc3 Ng3 30. Rf3 Ne4+ 31. Kb4 Rd6 32. Rf5 Rd2 33. Rf4 Re2 34. g4 hxg4 35. Rxg4 Nd6 36. Rg7 0-1

[Event "AUS-ch Major"]
[Site "Sydney"]
[Date "2020.01.10"]
[Round "8"]
[White "Bukreyev, Andriy"]
[Black "Brown, Joshua"]
[Result "1-0"]
[WhiteElo "2060"]
[BlackElo "1878"]
[PlyCount "71"]
[EventDate "2020.01.02"]
[EventType "swiss"]
[EventRounds "11"]
[EventCountry "AUS"]
[SourceTitle "CBM 195 Extra"]
[Source "ChessBase"]
[SourceDate "2020.05.31"]
[SourceVersion "1"]
[SourceVersionDate "2020.05.31"]
[SourceQuality "1"]

1. e4 c5 2. Nf3 Nc6 3. Bb5 g6 4. 0-0 Bg7 5. c3 Nf6 6. Re1 0-0 7. h3 Qb6 8. a4 a6 9. Bxc6 Qxc6 10. d4 d5 11. exd5 Nxd5 12. Ne5 Qc7 13. c4 Nb4 14. Bf4 Qb6 15. dxc5 Qxc5 16. Nc3 Bf5 17. Ne4 Qc8 18. Qd2 Nc6 19. Ng3 Be6 20. Rad1 Bf6 21. Nxc6 Qxc6 22. Bh6 Rfe8 23. b3 Qb6 24. Re3 Qc7 25. Rd3 Be5 26. f4 Bd6 27. Qc3 f6 28. Rxd6 exd6 29. Ne4 Rad8 30. Nxf6+ Kf7 31. Nxh7 Qc5+ 32. Kh2 Ke7 33. Qg7+ Bf7 34. Re1+ Kd7 35. Qxf7+ Kc8 36. Rxe8 1-0